000 00660nam a2200229Ia 4500
003 OSt
005 20220923214628.0
006 a|||||r|||| 00| 0
007 ta
008 220922b |||||||| |||| 00| 0 hin d
024 _a171,356
037 _cTextual
040 _aARTS
_cARTS
_bhin
041 _2hin
_ahin
082 _aO152;3N20:31, K7
100 _aकृष्णचन्द्र
_9156945
245 0 _aउलझी लड़की काले बाल
246 _aUlazī laड़kī kāle bāla
260 _c1967
942 _hO152;3N20:31, K7
_cTEXL
_2CC
999 _c325579
_d325579